[Event "DEM U10"]
[Site "Willingen"]
[Date "2006.06.09"]
[Round "9.14"]
[White "Plotkin, Alex"]
[Black "Niedermayer, Julian Andi"]
[Result "1-0"]
[WhiteElo "1364"]
[BlackElo "1190"]
[PlyCount "107"]
[EventDate "2006.??.??"]
[EventType "swiss"]
[EventRounds "11"]
[EventCountry "GER"]

1. e4 e5 2. Nf3 Nc6 3. Bb5 a6 4. Ba4 Nf6 5. O-O Be7 6. Re1 b5 7. Bb3 d6 8. c3
O-O 9. h3 Bb7 10. d4 h6 11. Bc2 Re8 12. b3 exd4 13. cxd4 Nb4 14. Nbd2 Nxc2 15.
Qxc2 Qd7 16. Bb2 Rac8 17. Rac1 d5 18. Ne5 Qd6 19. Nxf7 Kxf7 20. e5 Qe6 21. exf6
Qxf6 22. Nf3 Kg8 23. Ne5 Bd6 24. Re2 Re7 25. Rce1 Rce8 26. Qc1 c5 27. Ng4 Qf7
28. Rxe7 Rxe7 29. Rxe7 Qxe7 30. dxc5 Bxc5 31. Ne3 d4 32. Nf5 Qe4 33. Nh4 Qxh4
34. Qxc5 Qe4 35. f3 Qb1+ 36. Qc1 Qxa2 37. Bxd4 Qxb3 38. Kh2 Qd5 39. Ba1 Qd6+
40. Kg1 b4 41. Qb2 Qe7 42. Qb3+ Kh8 43. Bd4 a5 44. Qa2 Qd7 45. Qd2 Qf5 46.
Qxh6+ Qh7 47. Qb6 Bd5 48. Qxa5 Qb1+ 49. Kh2 Qb3 50. Qc7 Bf7 51. Qd8+ Kh7 52.
Qh4+ Kg8 53. Qg5 g6 54. Qh6 1-0

[Event "DEM U10"]
[Site "Willingen"]
[Date "2006.06.09"]
[Round "9.15"]
[White "Scheel, Henrik"]
[Black "Haferland, Konstantin"]
[Result "0-1"]
[WhiteElo "1173"]
[BlackElo "1277"]
[PlyCount "140"]
[EventDate "2006.??.??"]
[EventType "swiss"]
[EventRounds "11"]
[EventCountry "GER"]

1. e4 e5 2. Nf3 Nc6 3. Bc4 Nf6 4. Nc3 Nxe4 5. Nxe4 d5 6. Bxd5 Qxd5 7. Nc3 Qd8
8. d3 Bd6 9. O-O O-O 10. Bg5 f6 11. Be3 Be6 12. Re1 Qd7 13. Ne4 Rae8 14. Bc5 f5
15. Bxd6 cxd6 16. Nc3 Bf7 17. Nd2 d5 18. Ne2 Bh5 19. Qc1 f4 20. f3 Rf6 21. Rf1
Rc8 22. a3 Rg6 23. Rf2 Re6 24. Nc3 Nd4 25. Nb3 Nxb3 26. cxb3 d4 27. Qd2 dxc3
28. bxc3 Rd6 29. Rd1 e4 30. Qxf4 exd3 31. c4 Bg6 32. Rfd2 Qc6 33. Qg4 Rcd8 34.
b4 Rd4 35. Qg5 Qxc4 36. Qe7 Qc6 37. Qg5 Qb6 38. Kh1 Qa6 39. Ra1 Qf6 40. Qxf6
gxf6 41. Rc1 R4d7 42. Kg1 Kf7 43. Kf2 Re7 44. h3 h5 45. Rc3 Rd6 46. Rc1 Rde6
47. Kg3 Re5 48. a4 Re1 49. Rxe1 Rxe1 50. Rb2 Rc1 51. Rd2 Rc2 52. Rd1 Rc4 53.
Kf2 Rxb4 54. Ra1 Ke6 55. Ke1 Kd5 56. Ra2 Kd4 57. Kd2 Rc4 58. g3 Rc2+ 59. Rxc2
dxc2 60. Kc1 Kc4 61. g4 hxg4 62. hxg4 Bd3 63. f4 f5 64. g5 Kb3 65. a5 Bc4 66.
g6 b6 67. axb6 axb6 68. g7 b5 69. g8=Q Bxg8 70. Kd2 Kb2 0-1

[Event "DEM U10"]
[Site "Willingen"]
[Date "2006.06.09"]
[Round "9.16"]
[White "Preiß, Vincent"]
[Black "Neef, Maximilian"]
[Result "0-1"]
[WhiteElo "1289"]
[BlackElo "1197"]
[PlyCount "70"]
[EventDate "2006.??.??"]
[EventType "swiss"]
[EventRounds "11"]
[EventCountry "GER"]

1. e4 c5 2. Nf3 d6 3. Bc4 Nf6 4. Nc3 e6 5. d3 Be7 6. O-O Nc6 7. Be3 O-O 8. Re1
Na5 9. Bb3 a6 10. d4 c4 11. Ba4 b5 12. Nxb5 axb5 13. Bxb5 Bd7 14. Bxd7 Qxd7 15.
Bd2 Qb7 16. e5 dxe5 17. dxe5 Nd5 18. b3 c3 19. Be3 Nxe3 20. Rxe3 Rfc8 21. Rd3
Rd8 22. a3 Qe4 23. b4 Nc4 24. Rxd8+ Rxd8 25. Qe1 Qxe1+ 26. Nxe1 Nxe5 27. b5 Rb8
28. a4 Kf8 29. Kf1 Ke8 30. Ke2 Kd7 31. Rb1 Bf6 32. a5 Nc4 33. Rd1+ Ke7 34. Ra1
Rxb5 35. a6 Rb8 0-1

[Event "DEM U10"]
[Site "Willingen"]
[Date "2006.06.09"]
[Round "9.17"]
[White "Knopf, Felix"]
[Black "Lebeda, Timo"]
[Result "1-0"]
[WhiteElo "1251"]
[BlackElo "1496"]
[PlyCount "75"]
[EventDate "2006.??.??"]
[EventType "swiss"]
[EventRounds "11"]
[EventCountry "GER"]

1. d4 d6 2. c4 g6 3. Nc3 Nf6 4. e4 Bg7 5. Nf3 O-O 6. Be2 e5 7. d5 Nbd7 8. O-O
a6 9. b4 h6 10. Ba3 Nh5 11. Re1 f5 12. exf5 gxf5 13. Nd2 Nhf6 14. c5 e4 15.
cxd6 cxd6 16. b5 Nb6 17. bxa6 bxa6 18. Nf1 Bb7 19. Rb1 Rc8 20. Qd2 Kh7 21. Ne3
Ne8 22. Rec1 f4 23. Ned1 f3 24. gxf3 Rg8 25. Kh1 Qh4 26. Nxe4 Be5 27. Ng3 Rxg3
28. fxg3 Bxg3 29. Bd3+ Kg8 30. Qg2 Rxc1 31. Rxc1 Ng7 32. Qxg3 Qd4 33. Bb2 Qxb2
34. Nxb2 Bxd5 35. Qxd6 Bxf3+ 36. Kg1 Nd7 37. Rc8+ Kf7 38. Bg6# 1-0

[Event "DEM U10"]
[Site "Willingen"]
[Date "2006.06.09"]
[Round "9.18"]
[White "Weber, Clemens"]
[Black "Bauer, Andreas"]
[Result "1/2-1/2"]
[WhiteElo "1174"]
[BlackElo "1438"]
[PlyCount "48"]
[EventDate "2006.??.??"]
[EventType "swiss"]
[EventRounds "11"]
[EventCountry "GER"]

1. e4 c5 2. Nf3 Nc6 3. Bb5 a6 4. Bxc6 bxc6 5. O-O d5 6. d3 Bg4 7. exd5 cxd5 8.
c3 e6 9. Qa4+ Ke7 10. Qxg4 h5 11. Qa4 Qc7 12. Re1 Nh6 13. Ne5 Rc8 14. Bf4 Kd8
15. Qxa6 Bd6 16. Bxh6 Bxe5 17. Be3 Bxh2+ 18. Kf1 h4 19. Bd2 h3 20. c4 Ke7 21.
Ba5 Qf4 22. Qb7+ Kf6 23. Bc3+ d4 24. Bd2 Qh4 1/2-1/2

[Event "DEM U10"]
[Site "Willingen"]
[Date "2006.06.09"]
[Round "9.19"]
[White "Rahimi, Rozafa"]
[Black "Höpfner, Tim"]
[Result "1/2-1/2"]
[WhiteElo "1082"]
[BlackElo "1265"]
[PlyCount "76"]
[EventDate "2006.??.??"]
[EventType "swiss"]
[EventRounds "11"]
[EventCountry "GER"]

1. e4 c5 2. f4 d5 3. exd5 Nf6 4. Nc3 Nxd5 5. Nge2 Nc6 6. Nxd5 Qxd5 7. Nc3 Qd8
8. Bc4 Bf5 9. O-O Qd4+ 10. Kh1 Qxc4 11. d3 Qd4 12. Nb5 Qd8 13. Be3 e6 14. h3
Be7 15. g4 Bg6 16. f5 exf5 17. gxf5 Qd5+ 18. Kg1 Bxf5 19. Nc7+ Kd7 20. Nxd5
Bxh3 21. Qf3 Bxf1 22. Rxf1 Rae8 23. Nxe7 Rxe7 24. Bxc5 Re6 25. Qxf7+ Ne7 26. d4
Rg6+ 27. Kh2 Rh6+ 28. Kg3 Rg6+ 29. Kh4 Rh6+ 30. Kg5 Rg6+ 31. Kh4 Rh6+ 32. Kg5
Rg6+ 33. Kh4 Rh6+ 34. Kg4 Rg6+ 35. Kh3 Rh6+ 36. Kg3 Rg6+ 37. Kh2 Rh6+ 38. Kg2
Rg6+ 1/2-1/2

[Event "DEM U10"]
[Site "Willingen"]
[Date "2006.06.09"]
[Round "9.20"]
[White "Peil, Christoph"]
[Black "Imgrunt, Philipp"]
[Result "1-0"]
[WhiteElo "1339"]
[BlackElo "982"]
[PlyCount "105"]
[EventDate "2006.??.??"]
[EventType "swiss"]
[EventRounds "11"]
[EventCountry "GER"]

1. e4 e5 2. Nf3 Nf6 3. Nxe5 d6 4. Nf3 Nxe4 5. d4 d5 6. Bd3 Bd6 7. O-O O-O 8.
Re1 Re8 9. c4 c6 10. Qc2 Bb4 11. Bd2 Bxd2 12. Nbxd2 Nxd2 13. Qxd2 Rxe1+ 14.
Rxe1 Bg4 15. Ne5 Be6 16. c5 Nd7 17. Qf4 Qf6 18. Qg3 Qh6 19. Qe3 Qxe3 20. Rxe3
Nxe5 21. Rxe5 Re8 22. f4 f6 23. Re3 h6 24. Kf2 Kf7 25. b4 f5 26. Re5 g6 27. b5
Bd7 28. bxc6 bxc6 29. Ke2 Rxe5+ 30. fxe5 Ke6 31. Kd2 g5 32. Kc3 f4 33. h3 h5
34. Be2 h4 35. Kb4 Bc8 36. Bg4+ Ke7 37. Bxc8 Kd8 38. Bg4 Ke7 39. Ka5 Kd8 40.
Ka6 Kc7 41. Kxa7 Kd8 42. a4 Kc7 43. a5 Kd8 44. Kb7 Ke7 45. a6 Kf7 46. a7 Kg7
47. a8=Q Kf7 48. Qd8 Kg6 49. Qf6+ Kh7 50. Bf5+ Kg8 51. e6 f3 52. e7 fxg2 53.
e8=Q# 1-0

[Event "DEM U10"]
[Site "Willingen"]
[Date "2006.06.09"]
[Round "9.21"]
[White "Schnorr, Christian"]
[Black "Nelson, Philip"]
[Result "1-0"]
[WhiteElo "1372"]
[BlackElo "1103"]
[PlyCount "125"]
[EventDate "2006.??.??"]
[EventType "swiss"]
[EventRounds "11"]
[EventCountry "GER"]

1. e4 e6 2. Qe2 c6 3. g3 d5 4. exd5 cxd5 5. Bg2 Bd6 6. Nf3 Ne7 7. O-O O-O 8. d4
Nbc6 9. Nc3 Qb6 10. Nb5 Bb8 11. c3 a6 12. Na3 Bd6 13. Nc2 Bd7 14. Rd1 Rac8 15.
Ne3 Na5 16. Qc2 h6 17. Ng4 Rc7 18. Nge5 Rfc8 19. Bf4 Ba4 20. Qd2 Nc4 21. Nxc4
Rxc4 22. Bxd6 Bxd1 23. Bxe7 Bxf3 24. Bxf3 R4c7 25. Ba3 Qc6 26. Qf4 Qd7 27. Rd1
b5 28. Bc5 Rc6 29. Bg4 Qe8 30. Re1 f5 31. Bh3 Qh5 32. Bg2 Qf7 33. Re5 g5 34.
Qf3 Rb8 35. Qe2 Re8 36. Bxd5 Rc7 37. Rxe6 Kg7 38. Rxe8 Qxd5 39. Re7+ Rxe7 40.
Qxe7+ Kg6 41. Qd6+ Qxd6 42. Bxd6 Kh5 43. Be5 Kg6 44. d5 Kf7 45. d6 Ke6 46. b3
Kd7 47. c4 bxc4 48. bxc4 Kc6 49. c5 Kd7 50. Bg7 h5 51. Kf1 a5 52. a4 h4 53.
gxh4 gxh4 54. Bc3 h3 55. Bxa5 f4 56. Bc7 f3 57. a5 Kc6 58. a6 Kxc5 59. d7 Kb5
60. d8=Q Kxa6 61. Qd5 Ka7 62. Qb5 Ka8 63. Qb8# 1-0

[Event "DEM U10"]
[Site "Willingen"]
[Date "2006.06.09"]
[Round "9.22"]
[White "Müller, Alexandra"]
[Black "Volz, Alexander"]
[Result "0-1"]
[WhiteElo "1149"]
[BlackElo "1366"]
[PlyCount "140"]
[EventDate "2006.??.??"]
[EventType "swiss"]
[EventRounds "11"]
[EventCountry "GER"]

1. e4 e5 2. Nf3 Nc6 3. Bc4 Be7 4. Nc3 Nf6 5. O-O O-O 6. Be2 d5 7. d3 d4 8. Nb1
Be6 9. c3 dxc3 10. Nxc3 Qd7 11. Be3 Rfd8 12. Qd2 Rac8 13. Rfd1 Qe8 14. Qe1 Nd4
15. Rd2 Nxe2+ 16. Qxe2 Nd7 17. Rad1 f6 18. h3 c5 19. Ne1 Nb6 20. f4 exf4 21.
Bxf4 Bd6 22. Bxd6 Rxd6 23. Nf3 Bf7 24. Qf2 Bg6 25. Nh4 Rd7 26. Nxg6 Qxg6 27.
Re1 Qg5 28. Qe3 Qxe3+ 29. Rxe3 Nc4 30. dxc4 Rxd2 31. Re2 Rxe2 32. Nxe2 Rd8 33.
Nc3 Rd2 34. b3 Rc2 35. Na4 b6 36. Kf1 Kf7 37. Ke1 Rxa2 38. Nc3 Rxg2 39. Nb5 Rg3
40. Nxa7 Rxh3 41. Nc6 Rxb3 42. e5 fxe5 43. Nxe5+ Ke6 44. Ng4 Rb4 45. Ne3 g5 46.
Kf2 h5 47. Kg3 Rb3 48. Kf2 Rxe3 49. Kxe3 h4 50. Kf3 h3 51. Kg3 g4 52. Kh2 Ke5
53. Kg3 Kd4 54. Kh2 Kxc4 55. Kg3 b5 56. Kh2 b4 57. Kg3 b3 58. Kxg4 h2 59. Kg3
h1=Q 60. Kf4 Kd4 61. Kf5 Qe4+ 62. Kf6 c4 63. Kg5 Qf3 64. Kg6 Qf4 65. Kg7 Qf5
66. Kg8 Qf6 67. Kh7 Qg5 68. Kh8 b2 69. Kh7 b1=R 70. Kh8 Rh1# 0-1

[Event "DEM U10"]
[Site "Willingen"]
[Date "2006.06.09"]
[Round "9.23"]
[White "Holle, Cedric"]
[Black "Helle, Samuel"]
[Result "1/2-1/2"]
[WhiteElo "1049"]
[BlackElo "1358"]
[PlyCount "155"]
[EventDate "2006.??.??"]
[EventType "swiss"]
[EventRounds "11"]
[EventCountry "GER"]

1. e4 d5 2. exd5 Nf6 3. Nf3 Nxd5 4. d4 Bf5 5. Bc4 Nb4 6. Na3 e6 7. Bf4 Nd5 8.
Bg3 Bb4+ 9. c3 Nxc3 10. Qb3 Nd5+ 11. Kd1 Nc6 12. Nb5 Rc8 13. Rc1 a6 14. Bxd5
Qxd5 15. Qxd5 exd5 16. Nxc7+ Kd7 17. Nxd5 Ba5 18. b4 Nxb4 19. Nxb4 Rxc1+ 20.
Kxc1 Rc8+ 21. Kb2 Bxb4 22. Ne5+ Ke6 23. Rd1 Bc3+ 24. Kb3 Bc2+ 25. Kxc2 Bxd4+
26. Kb3 Bxe5 27. Re1 Rc3+ 28. Kb4 a5+ 29. Kb5 Rxg3 30. hxg3 Kd6 31. f4 Bc3 32.
Rd1+ Ke7 33. Kb6 a4 34. Kxb7 a3 35. Kc6 Bb2 36. Rh1 h6 37. g4 Kf6 38. g3 Ke6
39. Re1+ Kf6 40. Re8 Kg6 41. Rg8 Kh7 42. Rf8 Kg6 43. Kd6 Kf6 44. Re8 Bc3 45.
Re3 Bb2 46. Kc5 Kg6 47. Kb4 Kf6 48. Rxa3 Bxa3+ 49. Kxa3 Ke6 50. Kb4 Kd6 51. Kc4
Kc6 52. a3 Kd6 53. a4 Kc6 54. a5 Kd6 55. Kb5 Kc7 56. a6 Kb8 57. Kc6 Ka7 58. Kd7
Kxa6 59. Ke7 Kb6 60. Kxf7 Kc7 61. Kxg7 Kd7 62. Kxh6 Ke7 63. g5 Kf8 64. f5 Kg8
65. g6 Kh8 66. f6 Kg8 67. g7 Kf7 68. Kh7 Kxf6 69. g8=Q Ke5 70. Qd8 Ke4 71. Qd2
Ke5 72. Qd3 Ke6 73. Qd4 Kf5 74. Kg7 Ke6 75. Kg6 Ke7 76. Qb6 Kd7 77. Kf6 Kc8 78.
Ke6 1/2-1/2

[Event "DEM U10"]
[Site "Willingen"]
[Date "2006.06.09"]
[Round "9.24"]
[White "Scholz, Andre"]
[Black "Sasse, Fabius"]
[Result "0-1"]
[WhiteElo "1034"]
[BlackElo "1337"]
[PlyCount "64"]
[EventDate "2006.??.??"]
[EventType "swiss"]
[EventRounds "11"]
[EventCountry "GER"]

1. e4 e5 2. f4 d5 3. exd5 c6 4. c4 cxd5 5. cxd5 Bc5 6. Nf3 e4 7. Ne5 Qxd5 8.
Bc4 Qd4 9. Qe2 Nh6 10. Nf3 Bg4 11. Nxd4 Bxe2 12. Nxe2 Ng4 13. Bb5+ Nc6 14.
Bxc6+ bxc6 15. Rf1 Nxh2 16. Rh1 Ng4 17. Rh3 Nf2 18. Rc3 Nd3+ 19. Kd1 O-O 20.
Na3 Rfd8 21. Nc4 Bb4 22. Rb3 a5 23. a4 Rab8 24. Ne5 Rd6 25. Nxd3 exd3 26. Nc3
Re8 27. Ne2 dxe2+ 28. Ke1 Rh6 29. Rh3 Rxh3 30. gxh3 g5 31. fxg5 Bd6 32. d3 Bg3+
0-1

[Event "DEM U10"]
[Site "Willingen"]
[Date "2006.06.09"]
[Round "9.25"]
[White "Svane, Rasmus"]
[Black "Winterholler, Christina"]
[Result "0-1"]
[WhiteElo "1034"]
[BlackElo "1332"]
[PlyCount "74"]
[EventDate "2006.??.??"]
[EventType "swiss"]
[EventRounds "11"]
[EventCountry "GER"]

1. e4 e5 2. f4 Bc5 3. Nf3 d6 4. Bc4 Nf6 5. d3 O-O 6. Nc3 Nc6 7. fxe5 dxe5 8.
Bd2 Ng4 9. Qe2 Nd4 10. Nxd4 Bxd4 11. g3 Nf6 12. h3 Qe7 13. O-O-O Be6 14. Bb3
Rad8 15. Qh2 Bxb3 16. axb3 Rd6 17. Kb1 Ra6 18. h4 Rd8 19. Qg2 c6 20. g4 b5 21.
h5 b4 22. Na4 c5 23. g5 Nd7 24. c3 bxc3 25. bxc3 Nb6 26. cxd4 cxd4 27. g6 h6
28. gxf7+ Kxf7 29. Qg6+ Kg8 30. Bxh6 Nxa4 31. Qxa6 Nc3+ 32. Kc1 Rd6 33. Qc8+
Kh7 34. Rdg1 Rxh6 35. Qf5+ Kh8 36. Rf1 Qa3+ 37. Kc2 Qa2+ 0-1

[Event "DEM U10"]
[Site "Willingen"]
[Date "2006.06.09"]
[Round "9.26"]
[White "Pfadenhauer, Johannes"]
[Black "Stolcz, Bianca"]
[Result "1/2-1/2"]
[WhiteElo "1281"]
[BlackElo "1095"]
[PlyCount "37"]
[EventDate "2006.??.??"]
[EventType "swiss"]
[EventRounds "11"]
[EventCountry "GER"]

1. d4 d5 2. e3 c6 3. Bd3 f5 4. Nf3 e6 5. Nbd2 Bd6 6. c4 Nf6 7. b3 O-O 8. Bb2
Nbd7 9. Qc2 Ne4 10. Ne5 Bxe5 11. dxe5 Qc7 12. Nf3 Qa5+ 13. Nd2 Nxd2 14. Qxd2
Qxd2+ 15. Kxd2 Nc5 16. Rac1 Nxd3 17. Kxd3 Rd8 18. Ke2 dxc4 19. Rxc4 1/2-1/2

[Event "DEM U10"]
[Site "Willingen"]
[Date "2006.06.09"]
[Round "9.27"]
[White "Hümmecke, Aaron"]
[Black "Hauffen, Franziska"]
[Result "0-1"]
[WhiteElo "1260"]
[BlackElo "1084"]
[PlyCount "142"]
[EventDate "2006.??.??"]
[EventType "swiss"]
[EventRounds "11"]
[EventCountry "GER"]

1. e4 c5 2. Nf3 d6 3. d4 cxd4 4. Qxd4 Nc6 5. Bb5 Bd7 6. Bxc6 Bxc6 7. Nc3 Nf6 8.
Be3 g6 9. O-O-O Bg7 10. Qd3 O-O 11. Nd4 Bd7 12. f3 a6 13. g4 Qa5 14. h4 h5 15.
gxh5 Nxh5 16. Qd2 b5 17. Bh6 b4 18. Nb1 Rac8 19. Bxg7 Kxg7 20. a3 Qc7 21. axb4
Ba4 22. Nc3 Bd7 23. Rhg1 Kh7 24. Qg2 Rg8 25. Rdf1 Qb6 26. Nde2 Qxb4 27. Nd1 Qc5
28. c3 Ba4 29. Qg5 Qc4 30. Qxe7 Qxe2 31. Rf2 Qc4 32. Qxd6 Bxd1 33. Rxd1 Qa4 34.
Qe7 Qa1+ 35. Kc2 Qa4+ 36. Kc1 Qa1+ 37. Kc2 Qa2 38. Rd7 Qa4+ 39. Kc1 Qa1+ 40.
Kc2 Rg7 41. Rg2 Qf1 42. Qg5 Qxf3 43. e5 Qe4+ 44. Kb3 Rb8+ 45. Ka2 Qa4+ 46. Kb1
Qxd7 47. Qe3 Qd1+ 48. Qc1 Qxc1+ 49. Kxc1 Rb5 50. Re2 Nf4 51. Re4 Nd3+ 52. Kc2
Nxb2 53. c4 Rb8 54. c5 Rgg8 55. Re3 Rgc8 56. Rc3 Na4 57. Rf3 Rxc5+ 58. Kd2 Rb2+
59. Kd1 Rxe5 60. Rxf7+ Kh6 61. Rf4 Ra2 62. Rf1 Ra1+ 63. Kd2 Rxf1 64. Kd3 Rd1+
65. Kc2 Rd4 66. Kb3 Re3+ 67. Kc2 Rh3 68. h5 gxh5 69. Kb1 Rh2 70. Kc1 Rg4 71.
Kd1 Rg1# 0-1

[Event "DEM U10"]
[Site "Willingen"]
[Date "2006.06.09"]
[Round "9.29"]
[White "Powierski, Emil"]
[Black "Hellwig, Immo"]
[Result "1/2-1/2"]
[WhiteElo "1155"]
[BlackElo "1074"]
[PlyCount "43"]
[EventDate "2006.??.??"]
[EventType "swiss"]
[EventRounds "11"]
[EventCountry "GER"]

1. e4 d5 2. exd5 Qxd5 3. Nc3 Qa5 4. d4 Nf6 5. Bd2 Qb6 6. Nf3 c6 7. h3 Qxb2 8.
Bc4 b5 9. Bd3 Ba6 10. Rb1 Qa3 11. Rb3 Qd6 12. Ne4 Nxe4 13. Bxe4 g6 14. O-O Bb7
15. Bb4 Qc7 16. Bc3 Bg7 17. d5 Bxc3 18. Rxc3 Qb6 19. Re1 O-O 20. dxc6 Bxc6 21.
Bxc6 Nxc6 22. Qd7 1/2-1/2

[Event "DEM U10"]
[Site "Willingen"]
[Date "2006.06.09"]
[Round "9.30"]
[White "Jünger, Alexander"]
[Black "Takeuchi, Eiki"]
[Result "1-0"]
[WhiteElo "1197"]
[BlackElo "1065"]
[PlyCount "123"]
[EventDate "2006.??.??"]
[EventType "swiss"]
[EventRounds "11"]
[EventCountry "GER"]

1. e4 c5 2. c3 e6 3. d4 cxd4 4. cxd4 d5 5. Nc3 Bb4 6. Bd3 Nc6 7. Nf3 Bd7 8. O-O
Qc7 9. Nb5 Qb6 10. a3 Be7 11. Bf4 Rc8 12. Be2 dxe4 13. Ng5 a6 14. Nd6+ Bxd6 15.
Bxd6 Qxd4 16. Qxd4 Nxd4 17. Bh5 g6 18. Be5 f6 19. Bxd4 gxh5 20. Nxe4 e5 21.
Nd6+ Kd8 22. Nxc8 Kxc8 23. Rac1+ Kd8 24. Bb6+ Ke8 25. Rc7 Bc6 26. Rd1 Ne7 27.
Bc5 Nd5 28. Rc8+ Kf7 29. Rxh8 Kg7 30. Rd8 b6 31. R1xd5 Bxd5 32. Rxd5 bxc5 33.
Rxc5 Kg6 34. Ra5 Kg5 35. Rxa6 f5 36. h4+ Kg4 37. Rh6 Kxh4 38. Rxh7 Kg5 39. Re7
Kf6 40. Re8 e4 41. f3 exf3 42. gxf3 Kg5 43. Re6 Kf4 44. Kf2 h4 45. b4 Kg5 46.
b5 f4 47. b6 h3 48. b7 Kh4 49. Rh6+ Kg5 50. Rxh3 Kf5 51. b8=Q Ke6 52. Rh6+ Kd5
53. Qb5+ Kd4 54. Qd7+ Ke5 55. Qe6+ Kd4 56. Qd6+ Kc4 57. Qxf4+ Kd5 58. Qe4+ Kc5
59. Rh5+ Kd6 60. Qg6+ Ke7 61. Rh7+ Kf8 62. Qf7# 1-0

[Event "DEM U10"]
[Site "Willingen"]
[Date "2006.06.09"]
[Round "9.31"]
[White "Nitsche-Hahn, Raphael"]
[Black "Haryanto, Selina"]
[Result "1-0"]
[WhiteElo "1392"]
[BlackElo "979"]
[PlyCount "43"]
[EventDate "2006.??.??"]
[EventType "swiss"]
[EventRounds "11"]
[EventCountry "GER"]

1. d4 d5 2. c4 e5 3. e3 exd4 4. exd4 Nf6 5. Nf3 Bg4 6. Bg5 Bb4+ 7. Bd2 Bxd2+ 8.
Nbxd2 Nc6 9. h3 Bh5 10. Be2 O-O 11. O-O Re8 12. Re1 Ne4 13. cxd5 Qxd5 14. Bc4
Bxf3 15. Qxf3 Nxd2 16. Qxd5 Nxc4 17. Qxc4 Rad8 18. d5 Ne5 19. Qxc7 Rxd5 20. b4
Rd7 21. Rxe5 Rxc7 22. Rxe8# 1-0

[Event "DEM U10"]
[Site "Willingen"]
[Date "2006.06.09"]
[Round "9.32"]
[White "Schmalhorst, Sophia"]
[Black "Dang, An-Hai"]
[Result "1-0"]
[WhiteElo "879"]
[BlackElo "1334"]
[PlyCount "51"]
[EventDate "2006.??.??"]
[EventType "swiss"]
[EventRounds "11"]
[EventCountry "GER"]

1. e4 d5 2. Nc3 Nf6 3. e5 Ng8 4. d4 e6 5. Nf3 c5 6. dxc5 Bxc5 7. Bd3 Ne7 8. O-O
O-O 9. Bf4 Nbc6 10. Bxh7+ Kxh7 11. Ng5+ Kg8 12. Qh5 Re8 13. Qxf7+ Kh8 14. Qh5+
Kg8 15. Qh7+ Kf8 16. Qh8+ Ng8 17. Nh7+ Kf7 18. Ng5+ Kf8 19. Qh5 Nh6 20. Nh7+
Kg8 21. Nf6+ gxf6 22. Qg6+ Kh8 23. exf6 Nf5 24. g4 Rg8 25. Qh5+ Nh6 26. Qxh6#
1-0

[Event "DEM U10"]
[Site "Willingen"]
[Date "2006.06.09"]
[Round "9.33"]
[White "Bonk, Andras"]
[Black "Lagunov, Elina"]
[Result "0-1"]
[WhiteElo "1084"]
[BlackElo "857"]
[PlyCount "104"]
[EventDate "2006.??.??"]
[EventType "swiss"]
[EventRounds "11"]
[EventCountry "GER"]

1. e4 e5 2. Nf3 Nc6 3. Bc4 Nf6 4. d3 Bc5 5. Bg5 h6 6. Bh4 g5 7. Bg3 d6 8. h3
Be6 9. Bxe6 fxe6 10. Nbd2 Qd7 11. Qe2 O-O-O 12. O-O-O g4 13. hxg4 Nxg4 14. Rh4
Rdg8 15. Nb3 Bb6 16. Nfd2 h5 17. f3 Ne3 18. Bf2 Nxd1 19. Bxb6 axb6 20. Kxd1 Qg7
21. g4 hxg4 22. Rxh8 Rxh8 23. fxg4 Rh1+ 24. Nf1 Qf6 25. Nbd2 Nd4 26. Qg2 Rh6
27. g5 Qg6 28. c3 Nc6 29. Ne3 Rh4 30. Qg3 Rh5 31. Nf3 Nd8 32. Qg4 Nf7 33. Nd5
Kd8 34. Nf6 Rh1+ 35. Kc2 Ke7 36. d4 exd4 37. cxd4 Nh6 38. Qg2 Ra1 39. Nh4 Qg7
40. Nh5 Qxd4 41. gxh6 Qd1+ 42. Kc3 c5 43. Qg7+ Kd8 44. Qf8+ Kc7 45. Qe7+ Kb8
46. b3 Rc1+ 47. Kb2 Rc2+ 48. Ka3 Qc1+ 49. Ka4 Rxa2+ 50. Kb5 Ra5+ 51. Kxb6 Ra6+
52. Kb5 Qf1# 0-1

[Event "DEM U10"]
[Site "Willingen"]
[Date "2006.06.09"]
[Round "9.34"]
[White "Rahimi, Anita"]
[Black "Spiegelberg, Silvia"]
[Result "0-1"]
[WhiteElo "849"]
[BlackElo "1046"]
[PlyCount "160"]
[EventDate "2006.??.??"]
[EventType "swiss"]
[EventRounds "11"]
[EventCountry "GER"]

1. e4 e5 2. f4 Nc6 3. Nf3 d6 4. d3 Bg4 5. Be2 Nf6 6. O-O Be7 7. h3 Bd7 8. Nc3
O-O 9. Bd2 Re8 10. a4 Bc8 11. Nd5 Nd4 12. c3 Nxf3+ 13. Bxf3 c6 14. Nxf6+ Bxf6
15. Qe2 d5 16. Rae1 Bd7 17. b4 a5 18. Qd1 Qb6+ 19. Kh1 Qc7 20. Bg4 Bxg4 21.
Qxg4 axb4 22. cxb4 Rxa4 23. f5 Kf8 24. Qd1 Raa8 25. Qc1 Rec8 26. Qc2 c5 27.
bxc5 Qxc5 28. Qxc5+ Rxc5 29. Bb4 Rac8 30. Rc1 Be7 31. Bxc5 Bxc5 32. Rc2 Ke7 33.
Rfc1 Kd6 34. exd5 Kxd5 35. Rb1 Rb8 36. Rb5 b6 37. g4 Kd4 38. Kg2 Ra8 39. Rb3
Rd8 40. Kf3 g5 41. f6 Rd6 42. Rc4+ Kd5 43. Rb5 Rxf6+ 44. Ke2 Rf2+ 45. Ke1 Rh2
46. Ra4 Rxh3 47. Kd2 Rh2+ 48. Kc3 Kc6 49. Rb2 Bd4+ 50. Rxd4 exd4+ 51. Kb3 Rxb2+
52. Kxb2 Kd5 53. Kb3 Ke5 54. Kc4 f5 55. gxf5 Kxf5 56. Kxd4 Ke6 57. Ke4 b5 58.
d4 b4 59. d5+ Kd6 60. Kd4 b3 61. Kc3 Kxd5 62. Kxb3 Ke4 63. Kc3 Kf3 64. Kd2 Kf2
65. Kd1 g4 66. Kd2 g3 67. Kd1 g2 68. Kd2 g1=Q 69. Kd3 Qe1 70. Kd4 h5 71. Kd3 h4
72. Kd4 h3 73. Kd3 h2 74. Kd4 h1=Q 75. Kd3 Qf3+ 76. Kc4 Qee4+ 77. Kc5 Qff5+ 78.
Kb6 Qee6+ 79. Kb7 Qff7+ 80. Kb8 Qee8# 0-1

[Event "DEM U10"]
[Site "Willingen"]
[Date "2006.06.09"]
[Round "9.35"]
[White "Priese, Annika"]
[Black "Michalik, Marina"]
[Result "0-1"]
[WhiteElo "1000"]
[BlackElo "834"]
[PlyCount "56"]
[EventDate "2006.??.??"]
[EventType "swiss"]
[EventRounds "11"]
[EventCountry "GER"]

1. e4 e5 2. Nf3 Nc6 3. Bc4 Nf6 4. d3 Bc5 5. c3 O-O 6. Bg5 Be7 7. Bxf6 Bxf6 8.
Nbd2 d6 9. Nf1 Be6 10. Bb3 d5 11. exd5 Bxd5 12. Qe2 Re8 13. O-O-O Bxb3 14. axb3
a5 15. N3d2 a4 16. Nb1 axb3 17. Qe4 Bg5+ 18. Ne3 Qf6 19. h4 Bxe3+ 20. Qxe3 Qg6
21. g3 e4 22. d4 Na5 23. Rhe1 h6 24. Qe2 Qc6 25. Qg4 Nc4 26. Qf5 Nxb2 27. Kxb2
Ra2+ 28. Kc1 Rc2# 0-1

[Event "DEM U10"]
[Site "Willingen"]
[Date "2006.06.09"]
[Round "9.36"]
[White "Schulze, Tabea"]
[Black "Schreiber, Kevin"]
[Result "0-1"]
[WhiteElo "869"]
[BlackElo "1156"]
[PlyCount "102"]
[EventDate "2006.??.??"]
[EventType "swiss"]
[EventRounds "11"]
[EventCountry "GER"]

1. e4 d5 2. exd5 Qxd5 3. Nf3 Nf6 4. d4 c6 5. c4 Qa5+ 6. Bd2 Qc7 7. Be2 Bf5 8.
O-O e6 9. Be3 Be7 10. Nbd2 Nbd7 11. a3 O-O 12. b4 a6 13. Qb3 b5 14. c5 Nd5 15.
Rfe1 Bg4 16. h3 Bxf3 17. Nxf3 N7f6 18. Bd3 Rad8 19. Rad1 Ne8 20. Bc2 f5 21. Qd3
Qd7 22. Bc1 Nec7 23. Ne5 Qe8 24. Qg3 Bf6 25. Bh6 Bxe5 26. Rxe5 Rd7 27. Bb3 Rff7
28. Bxd5 Nxd5 29. Rde1 Rde7 30. Bg5 Nf6 31. Bxf6 Rxf6 32. R1e3 f4 33. Qf3 fxe3
34. Qxe3 Ref7 35. Qe4 Qd7 36. Rh5 g6 37. Rg5 Rf4 38. Qe3 Rxf2 39. Qg3 Qxd4 40.
Re5 R2f3+ 41. Kh2 Rxg3 42. Rxe6 Kg7 43. Rd6 Qxd6 44. cxd6 Rd3 45. g4 Rxd6 46.
h4 Rf3 47. Kg2 Rdd3 48. h5 Rxa3 49. hxg6 Rfb3 50. gxh7 Rb2+ 51. Kf1 Ra1# 0-1

[Event "DEM U10"]
[Site "Willingen"]
[Date "2006.06.09"]
[Round "9.37"]
[White "Palm, Sören"]
[Black "Nitzsche, Pia"]
[Result "1-0"]
[WhiteElo "1023"]
[BlackElo "1012"]
[PlyCount "73"]
[EventDate "2006.??.??"]
[EventType "swiss"]
[EventRounds "11"]
[EventCountry "GER"]

1. e4 c5 2. Nf3 d6 3. c4 Nf6 4. Nc3 g6 5. Be2 Bg7 6. O-O O-O 7. d4 cxd4 8. Nxd4
Nc6 9. Nd5 Nxd5 10. Nxc6 bxc6 11. cxd5 cxd5 12. exd5 Bb7 13. Bg5 Rc8 14. Re1
Qd7 15. Bg4 f5 16. Rxe7 Qb5 17. Bf3 Rc5 18. a4 Qa5 19. Rxb7 Qa6 20. Be7 Qxb7
21. Bxd6 Rcc8 22. Bxf8 Kxf8 23. Qe2 Re8 24. Qc4 Qxb2 25. Rc1 Bh6 26. Rf1 Qd2
27. Qc5+ Kf7 28. d6 Bf4 29. Qxa7+ Kf6 30. d7 Rd8 31. Qb6+ Kg7 32. Qxd8 Bd6 33.
Rd1 Qf4 34. Qf6+ Kxf6 35. d8=Q+ Ke6 36. Bd5+ Ke5 37. Qh8# 1-0